<?xml version="1.0" encoding="UTF-8"?>
<record
    xmlns:xsi="http://www.w3.org/2001/XMLSchema-instance"
    xsi:schemaLocation="http://www.loc.gov/MARC21/slim http://www.loc.gov/standards/marcxml/schema/MARC21slim.xsd"
    xmlns="http://www.loc.gov/MARC21/slim">

  <leader>04489cam a22004814i 4500</leader>
  <controlfield tag="003">PE-LiUPU</controlfield>
  <controlfield tag="005">20250731184558.0</controlfield>
  <controlfield tag="008">150706s                r     000 0     d</controlfield>
  <datafield tag="035" ind1=" " ind2=" ">
    <subfield code="a">(Sirsi) a48887</subfield>
  </datafield>
  <datafield tag="040" ind1=" " ind2=" ">
    <subfield code="a">PE-LiUPU</subfield>
    <subfield code="b">spa</subfield>
    <subfield code="c">PE-LiUPU</subfield>
    <subfield code="e">rda</subfield>
  </datafield>
  <datafield tag="049" ind1=" " ind2=" ">
    <subfield code="a">PRUA</subfield>
  </datafield>
  <datafield tag="082" ind1="0" ind2="4">
    <subfield code="a">909</subfield>
    <subfield code="b">U5</subfield>
    <subfield code="2">21</subfield>
  </datafield>
  <datafield tag="110" ind1="2" ind2=" ">
    <subfield code="a">El Comercio S. A. Empresa Editora</subfield>
  </datafield>
  <datafield tag="245" ind1="0" ind2="3">
    <subfield code="a">Un viaje por la historia /</subfield>
    <subfield code="c">editado por Hazel Beynon y Steven Carton.</subfield>
  </datafield>
  <datafield tag="264" ind1=" " ind2="1">
    <subfield code="a">Lima :</subfield>
    <subfield code="b">cEl Comercio S. A. Empresa Editora,</subfield>
    <subfield code="c">2009.</subfield>
  </datafield>
  <datafield tag="300" ind1=" " ind2=" ">
    <subfield code="a">.256 p&#xE1;ginas :</subfield>
    <subfield code="b">ilustraciones, mapas, fotos, color ;</subfield>
    <subfield code="c">28 cm.</subfield>
  </datafield>
  <datafield tag="336" ind1=" " ind2=" ">
    <subfield code="a">text</subfield>
    <subfield code="2">rdacontent</subfield>
  </datafield>
  <datafield tag="337" ind1=" " ind2=" ">
    <subfield code="a">unmediated</subfield>
    <subfield code="2">rdamedia</subfield>
  </datafield>
  <datafield tag="338" ind1=" " ind2=" ">
    <subfield code="a">volume</subfield>
    <subfield code="2">rdacarrier</subfield>
  </datafield>
  <datafield tag="505" ind1="0" ind2=" ">
    <subfield code="a">As&#xED; empez&#xF3; todo -- &#xBF;Los sospechosos de siempre? -- &#xBF;Eres lo suficientemente Homo sapiens? -- Parque tem&#xE1;tico de la caza-recolectores -- &#xC1;frica m&#xED;a -- Bienvenidos al Creciente F&#xE9;rtil -- Construyendo a lo grande -- Heavy metals -- Mesopotamia -- Voces del pasado -- Reino del Nilo -- Egipto el imperio Nuevo -- El m&#xE1;s all&#xE1; egipcio -- Sarg&#xF3;n de Acad contra Nabucodonosor II -- India hind&#xFA; -- Or&#xED;genes de China -- Minoicos y mic&#xE9;nicos -- Hann&#xF3;n de explorador -- La historia de los jud&#xED;os -- Sin duda civilizados -- Tu ciudad estado te necesita -- Epopeya griega -- Museo de senado -- Instituto de Roma Imperial -- Fuerza imparable -- Budismo -- Pers&#xE9;polis -- Alejandro, &#xA1;es magno! -- Los mayas -- Obituario: Qin Shi Huang -- Viaje de descubrimiento por la polinesia -- Nacimiento del cristianismo -- Bajo un nuevo mandato -- La parte del medio -- Imperio bizantino -- El nacimiento del islam -- Lucha b&#xE1;rbara -- Una entrevista franca con Carlomagno -- Europa Feudal -- Entrevista exclusiva a un caballero -- Europa cristiana -- Las china de los Tang y los Song -- India: Programaci&#xF3;n -- Invasi&#xF3;n de los mongoles -- &#xA1;Bienvenido a Festiastec! -- Visita el imperio inca -- Indios norteamericanos -- Mercado medieval -- Guerra de los Cien A&#xF1;os -- La peste negra -- Gran Zimbabue -- Exploraci&#xF3;n y Reforma Cruceros -- Mundo de especias -- Dinast&#xED;a Ming -- Renacimiento -- Los Tudor -- Imperio otomano -- Fin de los aztecas --  y de los incas -- La Reforma -- Tira y Afloja religioso -- Maestr&#xED;a flamenca -- India mongola -- Persia bajo los saf&#xE1;vidas -- T&#xED;teres shogunes -- Gran Hermano --  Am&#xE9;rica colonial --  -- Todo cambia -- Revoluci&#xF3;n agr&#xED;cola -- La Ilustraci&#xF3;n -- Cuentos del convicto y de la ni&#xF1;a aborigen -- Pedro el grande y Catalina el grande -- El auge  de prusia -- Mundo en guerra -- Comercio triangular -- Independencia americana -- Revoluci&#xF3;n francesa -- Napole&#xF3;n Bonaparte -- Revoluci&#xF3;n  Industrial -- Historia del lejano Oeste -- Gente de Am&#xE9;rica del Sur, &#xA1;somos libres! -- Avances cient&#xED;ficos -- A&#xF1;o de la revoluciones -- Un d&#xED;a en la vida de  -- El sol naciente -- Guerra civil de EE.UU -- &#xA1;Fabricado en EE.UU!.-Unificaci&#xF3;n de Alemania y uni&#xF3;n de Italia -- Dominio Brit&#xE1;nico -- La lucha por &#xC1;frica -- La china qing -- Paso adelante -- Primer vuelo -- Sufragista en l&#xED;nea -- La Gran Guerra -- Tratado de Versalles -- La revoluci&#xF3;n rusa -- Joseph Stalin: evaluaci&#xF3;n del alumno -- Los locos a&#xF1;os Veinte -- La Gran depresi&#xF3;n -- El ascenso del fascismo -- Guerra en Europa -- Guerra en Pacifico -- .La guerra ha acabado -- La guerra fr&#xED;a -- Revoluci&#xF3;n china -- Mapa inestable de Israel -- Independencia india -- Una nueva &#xC1;frica -- Magnates emergentes -- Carrera a la Luna -- Los Sesenta -- Oro negro -- Revoluci&#xF3;n iran&#xED; -- La ca&#xED;da del comunismo -- El fin del apartheid -- Un solo mundo -- Guerra contra el terrorismo -- Vayamos al futuro.                                      .</subfield>
  </datafield>
  <datafield tag="526" ind1=" " ind2=" ">
    <subfield code="a">P136</subfield>
  </datafield>
  <datafield tag="526" ind1=" " ind2=" ">
    <subfield code="a">P135</subfield>
  </datafield>
  <datafield tag="526" ind1=" " ind2=" ">
    <subfield code="a">P134</subfield>
  </datafield>
  <datafield tag="526" ind1=" " ind2=" ">
    <subfield code="a">P133</subfield>
  </datafield>
  <datafield tag="526" ind1=" " ind2=" ">
    <subfield code="a">P144</subfield>
  </datafield>
  <datafield tag="526" ind1=" " ind2=" ">
    <subfield code="a">P143</subfield>
  </datafield>
  <datafield tag="526" ind1=" " ind2=" ">
    <subfield code="a">P87</subfield>
  </datafield>
  <datafield tag="526" ind1=" " ind2=" ">
    <subfield code="a">P35</subfield>
  </datafield>
  <datafield tag="526" ind1=" " ind2=" ">
    <subfield code="a">P20</subfield>
  </datafield>
  <datafield tag="526" ind1=" " ind2=" ">
    <subfield code="a">P14</subfield>
  </datafield>
  <datafield tag="526" ind1=" " ind2=" ">
    <subfield code="a">P10</subfield>
  </datafield>
  <datafield tag="526" ind1=" " ind2=" ">
    <subfield code="a">P06</subfield>
  </datafield>
  <datafield tag="650" ind1="1" ind2="4">
    <subfield code="a">Historia Universal</subfield>
    <subfield code="v">Obras de divulgaci&#xF3;n.</subfield>
  </datafield>
  <datafield tag="700" ind1="1" ind2=" ">
    <subfield code="a">Beynon, Hazel,</subfield>
    <subfield code="e">ed.</subfield>
  </datafield>
  <datafield tag="700" ind1="1" ind2=" ">
    <subfield code="a">Carton, Steven,</subfield>
    <subfield code="e">ed.</subfield>
  </datafield>
  <datafield tag="910" ind1=" " ind2=" ">
    <subfield code="b">jv</subfield>
    <subfield code="c">ng</subfield>
  </datafield>
  <datafield tag="942" ind1=" " ind2=" ">
    <subfield code="2">ddc</subfield>
    <subfield code="c">BOOK</subfield>
  </datafield>
  <datafield tag="949" ind1=" " ind2=" ">
    <subfield code="a">909 U5</subfield>
    <subfield code="w">DEWEY</subfield>
    <subfield code="c">1</subfield>
    <subfield code="i">62079</subfield>
    <subfield code="l">CCODEBUL1</subfield>
    <subfield code="m">BUL</subfield>
    <subfield code="p">14.00</subfield>
    <subfield code="r">0</subfield>
    <subfield code="s">Y</subfield>
    <subfield code="t">LIBRO</subfield>
    <subfield code="u">2015-07-06</subfield>
    <subfield code="x">BIBLIOTECA</subfield>
    <subfield code="z">UNKNOWN</subfield>
    <subfield code="o">.STAFF. Colecci&#xF3;n General</subfield>
  </datafield>
  <datafield tag="994" ind1=" " ind2=" ">
    <subfield code="a">C0</subfield>
    <subfield code="b">PEPRU</subfield>
  </datafield>
  <datafield tag="596" ind1=" " ind2=" ">
    <subfield code="a">1</subfield>
  </datafield>
  <datafield tag="999" ind1=" " ind2=" ">
    <subfield code="a">909 U5</subfield>
    <subfield code="w">DEWEY</subfield>
    <subfield code="c">51173</subfield>
    <subfield code="i">62079</subfield>
    <subfield code="f">2021-11-9</subfield>
    <subfield code="g">5</subfield>
    <subfield code="l">CCODEBUL1</subfield>
    <subfield code="m">BUL</subfield>
    <subfield code="p">14.00</subfield>
    <subfield code="r">0</subfield>
    <subfield code="s">Y</subfield>
    <subfield code="t">BOOK</subfield>
    <subfield code="u">2015-7-6</subfield>
    <subfield code="x">EDUCACION</subfield>
    <subfield code="z">UNKNOWN</subfield>
    <subfield code="0">COMPRA</subfield>
    <subfield code="o">.STAFF. Colecci&#xF3;n General</subfield>
    <subfield code="d">51173</subfield>
  </datafield>
  <datafield tag="980" ind1=" " ind2=" ">
    <subfield code="8">1</subfield>
    <subfield code="g">ALBERTO SANCHEZ Responsable de Automatizaci&#xF3;n</subfield>
  </datafield>
  <datafield tag="952" ind1=" " ind2=" ">
    <subfield code="r">2025-12-03 00:00:00</subfield>
    <subfield code="i">6</subfield>
    <subfield code="l">0</subfield>
    <subfield code="o">909 U5</subfield>
    <subfield code="p">62079</subfield>
    <subfield code="t">e1</subfield>
    <subfield code="v">19.00</subfield>
    <subfield code="w">2015-07-06</subfield>
    <subfield code="x">FACIHED</subfield>
    <subfield code="y">BK</subfield>
    <subfield code="z">inventario-2023-12-13</subfield>
    <subfield code="1">0</subfield>
    <subfield code="2">ddc</subfield>
    <subfield code="5">0</subfield>
    <subfield code="7">0</subfield>
    <subfield code="8">GEN</subfield>
    <subfield code="f">P14</subfield>
    <subfield code="a">BUL</subfield>
    <subfield code="b">BUL</subfield>
    <subfield code="c">GEN</subfield>
    <subfield code="d">2015-07-06</subfield>
    <subfield code="e">COMPRA</subfield>
    <subfield code="g">14.00</subfield>
  </datafield>
</record>
